|
|
|
|
| LEADER |
00000cam a2200000 7i4500 |
| 001 |
0000007689 |
| 005 |
20241004.0 |
| 008 |
240604 njua eng |
| 020 |
|
|
|a 013765958X (hardback)
|
| 040 |
|
|
|a INS
|b eng
|e rda
|
| 090 |
0 |
0 |
|a HD1375
|b .R56 1981
|
| 100 |
1 |
|
|a Ring, Alfred A. ,
|e author
|
| 245 |
1 |
0 |
|a Real estate :
|b principles and practices
|c Alfred A. Ring, Jerome Dasso
|
| 250 |
|
|
|a Ninth edition
|
| 264 |
|
1 |
|a Eaglewood Cliffs, NJ :
|b Prentice Hall
|c 1981
|
| 264 |
|
4 |
|c ©1981
|
| 300 |
|
|
|a xx, 742 pages :
|b illustrations ;
|c 24 cm.
|
| 336 |
|
|
|a text
|2 rdacontent
|
| 337 |
|
|
|a unmediated
|2 rdamedia
|
| 338 |
|
|
|a volume
|2 rdacarrier
|
| 500 |
|
|
|a Includes index
|
| 650 |
|
0 |
|a Real estate business
|
| 700 |
1 |
|
|a Dasso, Jerome ,
|e author
|
| 999 |
|
|
|a 0000023276
|b BOOK
|c Open Shelf
|e Default branch
|